LEADER 01122nam a2200277 u 4500 001 000000070794 003 CaOOAMICUS 005 20070226122047.0 008 020515s1980 it d u000 u ita u 035 $a10929895 040 $aPUL(R)$bita 100 1 $aSermonti, Giuseppe,$d1925-$0(OLS)http://pul/name/47074 245 10$aDopo Darwin :$bcritica all'evoluzionsmo /$cGiuseppe Sermonti, Foberto Fondi. 260 $aMilano :$bRusconi,$c1980. 300 $a342 p. :$bdiagr. ;$c20 cm 490 1 $aCollana "Cultura nuova" 490 1 $aCultura nuova 650 4$aUomo.$0(OLS)http://pul/subject/413 650 4$aEvoluzione.$0(OLS)http://pul/subject/1620 700 1 $aFondi, Roberto.$0(OLS)http://pul/name/47075 830 0$aCultura nuova.$0(OLS)http://pul/title/13648 850 $aPUL 852 $aPUL$W1$xDP1 Cons. Gen., Altre Classi 1$y22$m763 D 57$j91603$nBK-PRI$b $qStampati$B91603$CPULBib$Z2$F91603 $H $81 941 1 $a8 996 $6245$aDopo Darwin :$bcritica all'evoluzionsmo$9(OLS)http://pul/title/93266 996 $6260$aMilano :$bRusconi$9(OLS)http://pul/publisher/47863 LEADER 01559nam a2200325 u 4500 001 000000076345 003 CaOOAMICUS 005 20070226123212.0 008 031124s1983 it u000 u fre u 035 $a10977286 040 $aPUL(R)$bita 100 1 $aD'Aloise, Francesco.$0(OLS)http://pul/name/50775 245 13$aLa morale e il diritto in G. Gentile /$cFrancesco D'Aloise. 260 $aRoma :$bPontificia Università Lateranense,$c1983. 300 $a51 p. ;$c23 cm 490 1 $aTheses ad doctoratum in philosophia (Pontificia Università lateranense) 500 $aEstratto della tesi "La Società e lo Stato (in G. Gentile)". 502 $aThesis (Doct.) -- Pontificia Universitas Lateranensis, 1983. 504 $aBibliografia in nota. 600 14$aGentile, Giovanni,$d1875-1944.$0(OLS)http://pul/subject/1895 650 4$aEtica e diritto.$0(OLS)http://pul/subject/482 710 2 $aPontificia Università Lateranense.$0(OLS)http://pul/name/287 830 0$aTheses ad doctoratum in philosophia (Pontificia Università Lateranense).$0(OLS)http://pul/title/1761 850 $aPUL 852 $aPUL$W1$xDP1 Tesi Pon Univ. Lateranense$y41$mTH PUL.PHIL 34$j98090$nBK-PRI$b $qTesi$B98090$CPULBib$Z2$F98090 $H52951 $81 910 $aPontificio Ateneo Lateranense$9287 910 $aPontificio Ateneo Lateranense$9287 941 1 $a16 996 $6245$aLa morale e il diritto in G. Gentile$9(OLS)http://pul/title/100153 996 $6260$aRoma :$bPontificia Università Lateranense$9(OLS)http://pul/publisher/47963